| 000 | 00327nam a2200121Ia 4500 | ||
|---|---|---|---|
| 005 | 20260328104337.0 | ||
| 008 | 260328s9999||||xx |||||||||||||| ||und|| | ||
| 100 | _aMestre, Octavio | ||
| 245 | 0 |
_aOctavio Mestre. Obra Incompleta : _b carta a los Mexicanos / _cOctavio Mestre |
|
| 300 | _a265 p. | ||
| 650 | _aMEXICO | ||
| 942 | _cBK | ||
| 999 |
_c11956 _d11956 |
||